000
00290nam a2200109Ia 4500
008
190914s9999||||xx |||||||||||||| ||und||
100
_a
John Adair,
245
4
_a
The Concise Time Management and Personal Development
260
_a
New Delhi
_b
Prentice Hall
_c
1999
300
_a
804
942
_c
BK
999
_c
8833
_d
8833